<?xml version="1.0" encoding="UTF-8"?><marc:collection xmlns:marc="http://www.loc.gov/MARC21/slim">
  <marc:record>
    <marc:leader>00000nam##2200000za#4500</marc:leader>
    <marc:controlfield tag="001">9.604818</marc:controlfield>
    <marc:controlfield tag="003">CaOODSP</marc:controlfield>
    <marc:controlfield tag="005">20210624211811</marc:controlfield>
    <marc:controlfield tag="007">cr |||||||||||</marc:controlfield>
    <marc:controlfield tag="008">150406|2000||||xxc|||||o    f|0| 0 fre|d</marc:controlfield>
    <marc:datafield tag="040" ind1=" " ind2=" ">
      <marc:subfield code="a">CaOODSP</marc:subfield>
      <marc:subfield code="b">fre</marc:subfield>
    </marc:datafield>
    <marc:datafield tag="043" ind1=" " ind2=" ">
      <marc:subfield code="a">n-cn---</marc:subfield>
    </marc:datafield>
    <marc:datafield tag="086" ind1="1" ind2=" ">
      <marc:subfield code="a">Fo29-47/22-2000F-PDF</marc:subfield>
    </marc:datafield>
    <marc:datafield tag="110" ind1="1" ind2=" ">
      <marc:subfield code="a">Canada.</marc:subfield>
      <marc:subfield code="b">Ressources naturelles Canada. </marc:subfield>
      <marc:subfield code="b">Service canadien des forêts.</marc:subfield>
    </marc:datafield>
    <marc:datafield tag="245" ind1="1" ind2="0">
      <marc:subfield code="a">Vers l'inventaire forestier semi-automatique par la reconnaissance individuelle des cimes des arbres</marc:subfield>
      <marc:subfield code="h">[ressource électronique]</marc:subfield>
      <marc:subfield code="c">[Par] F.A. Gougeon. </marc:subfield>
    </marc:datafield>
    <marc:datafield tag="260" ind1=" " ind2=" ">
      <marc:subfield code="a">Victoria - Colombie Britannique : </marc:subfield>
      <marc:subfield code="b">Ressources naturelles Canada. </marc:subfield>
      <marc:subfield code="c">2000.</marc:subfield>
    </marc:datafield>
    <marc:datafield tag="300" ind1=" " ind2=" ">
      <marc:subfield code="a">6p.</marc:subfield>
      <marc:subfield code="b">ill. en couleur, figures, références</marc:subfield>
    </marc:datafield>
    <marc:datafield tag="490" ind1="1" ind2=" ">
      <marc:subfield code="a">Notes de transfert technologique</marc:subfield>
      <marc:subfield code="v">N° 22, septembre 2000</marc:subfield>
    </marc:datafield>
    <marc:datafield tag="500" ind1=" " ind2=" ">
      <marc:subfield code="a">Le n° de catalogue et l'ISSN de l'édition imprimée apparaissent dans cette version électronique.</marc:subfield>
    </marc:datafield>
    <marc:datafield tag="590" ind1=" " ind2=" ">
      <marc:subfield code="a">12-40-Supp</marc:subfield>
      <marc:subfield code="b">2012-10-23</marc:subfield>
    </marc:datafield>
    <marc:datafield tag="720" ind1="1" ind2=" ">
      <marc:subfield code="a">Gougeon, F. A.</marc:subfield>
    </marc:datafield>
    <marc:datafield tag="775" ind1="0" ind2="8">
      <marc:subfield code="t">Towards semi-automatic forest inventories using individual tree crown (ITC) recognition</marc:subfield>
      <marc:subfield code="w">(CaOODSP)9.572376</marc:subfield>
    </marc:datafield>
    <marc:datafield tag="776" ind1="0" ind2="#">
      <marc:subfield code="t">Vers l'inventaire forestier semi-automatique par la reconnaissance individuelle des cimes des arbres</marc:subfield>
      <marc:subfield code="w">(CaOODSP)9.625414</marc:subfield>
    </marc:datafield>
    <marc:datafield tag="830" ind1="#" ind2="0">
      <marc:subfield code="a">Notes de transfert technologique ;</marc:subfield>
      <marc:subfield code="v">N° 22, septembre 2000</marc:subfield>
      <marc:subfield code="w">(CaOODSP)9.501177</marc:subfield>
    </marc:datafield>
    <marc:datafield tag="856" ind1="4" ind2="0">
      <marc:subfield code="a">http://publications.gc.ca</marc:subfield>
      <marc:subfield code="q">PDF</marc:subfield>
      <marc:subfield code="s">425 Ko</marc:subfield>
      <marc:subfield code="u">https://publications.gc.ca/collections/collection_2012/rncan-nrcan/Fo29-47-22-2000-fra.pdf</marc:subfield>
      <marc:subfield code="y">N° 22, septembre 2000</marc:subfield>
    </marc:datafield>
  </marc:record>
</marc:collection>
